000 01740cam a2200361 a 4500
999 _c129280
_d129280
001 16970193
003 ARRUPE
005 20190328105818.0
008 110921s2011 enka b 001 0 eng
010 _a 2011348611
016 7 _a015847375
_2Uk
020 _a9780857490162 (pbk.)
020 _a0857490168 (pbk.)
035 _a(OCoLC)ocn727796987
040 _aWAU
_cWAU
_dYDXCP
_dCDX
_dBTCTA
_dUKMGB
_dDLC
042 _alccopycat
_alcode
043 _af------
050 0 0 _aHQ18.A35
_bA38 2011
245 0 0 _aAfrican sexualities :
_ba reader /
_cedited by Sylvia Tamale.
260 _aOxford, UK :
_bPambazuka Press,
_cc2011.
300 _aix, 656 p. :
_bill. ;
_c24 cm.
504 _aIncludes bibliographical references and index.
505 0 _aPt. 1. Research, theory and methods -- pt. 2. Sexuality, power and politics -- pt. 3. Mapping sexual representations and practices of identity -- pt. 4. Integrated and positive sexuality -- pt. 5. Reproduction and rights -- pt. 6. Sex and masculinities -- pt. 7. Who's having sex and who's not? -- pt. 8. Sexuality, spiritiuality and the supernatural -- pt. 9. Pedagogical approaches.
650 0 _aSex
_zAfrica.
_945466
650 0 _aSex role
_zAfrica.
_93657
650 0 _aWomen
_xSexual behavior
_zAfrica.
_945467
651 0 _aAfrica
_xSocial conditions
_y20th century.
_945468
651 0 _aAfrica
_xSocial conditions
_y21st century.
_945469
700 1 _aTamale, Sylvia.
_945470
856 4 1 _3Table of contents only
_uhttp://www.loc.gov/catdir/toc/fy13pdf02/2011348611.html
906 _a7
_bcbc
_ccopycat
_d3
_encip
_f20
_gy-gencatlg
942 _2lcc
_cMONOGRAPH